000 01107nam a22003257a 4500
003 CHAP
005 20220817042746.0
008 971013s1959 r 00010 d
010 _a54689
011 _a55661
035 _a59813
040 _cCHAP
082 _a595.771
_bS4
100 0 0 _aSenevet, C.
_9104412
245 _aLes moustiquites de l'Afrique du nord et du bassin Méditerranéen
_b: les genres Culex, Uranotaenia, Theobaldia, Orthopodomyia et Mansonia
260 _aParis :
_bLechevalier,
_c1959
300 _a383 p.
_b: ilus.
490 _aEncyclopédie entomologique: Ser. A
_v; 37
590 _aBATCH-UPD
_b10
_c20130110
_lUCH01
_h0519
590 _aBATCH-UPD
_b10
_c20130110
_lUCH01
_h2305
590 _aBATCH-UPD
_b10
_c20130410
_lUCH01
_h0157
590 _aBATCH-UPD
_b10
_c20130914
_lUCH01
_h0325
590 _aCONVERSION
_b10
_c20130109
_lUCH01
_h1329
650 1 4 _aMosquitos.
_979027
700 0 _aAndarelli, L.
_95539
830 0 _aEncyclopédie entomologique. Ser. A
_v; 37
901 _aBK
942 _cLIBRO
949 _a595.771 S4
_bBC
_cLIBRO
_d33724000368940
_eLIBRO
_h33750
_i59813
_si
999 _c54689
_d54689